000
00271 a2200145 4500
001
174065
020
_a
040
_c
Magnum
100
_a
Hoffmann, Jussara
240
1
0
_a
Avaliacao
_l
por
245
1
0
_a
Avaliacao
362
0
_a
1899
697
_a
ENSINO
942
_c
BK
999
_c
174065
_d
174065